[Event "RUS-chT Blitz Men 2018"]
[Site "Sochi"]
[Date "2018.10.10"]
[Round "7"]
[White "Bocharov, Ivan"]
[Black "Triapishko, Alexandr"]
[Result "1-0"]
[WhiteElo "2563"]
[BlackElo "2508"]
[Annotator "TA"]
[PlyCount "103"]
[EventDate "2018.10.10"]
[EventType "swiss"]
[EventCountry "RUS"]
[SourceTitle "playchess.com"]
[Source "ChessBase"]
[SourceQuality "1"]

{[%evp 16,103,16,14,16,-7,-5,-3,9,15,14,7,58,60,140,108,109,78,87,79,78,47,74,69,75,66,62,70,71,72,75,75,75,74,70,58,66,66,67,62,74,16,16,20,14,20,47,43,45,46,66,80,108,125,580,446,719,683,635,622,959,920,862,759,1108,1077,1060,1047,1300,1258,1270,1194,1159,1147,29976,29977,29981,29982,29982,29983,29984,29985,29985,29986,29986,29987,29987,29987,29987,29988]} 1. e4 {Roiz,M} c6 2. d4 d5 3. e5 Bf5 4. h4 h5 5. Bd3 Bxd3 6. Qxd3 {B12: Caro-Kann (Vorstoß-Variante)} Qa5+ 7. Nd2 e6 8. Ngf3 Nh6 9. O-O {LiveBook: 8 Partien} Be7 10. c4 Nf5 11. g3 dxc4 $146 ({Vorgänger:} 11... Nd7 12. b3 Rd8 {1-0 (43) Ponomariov,R (2712)-Mchedlishvili,M (2605) Minsk 2017 CBM 179 [Roiz,M]}) 12. Nxc4 Qd5 13. Bg5 {und nun wäre Lxe7 stark für Weiss.} Bxg5 ({Besser ist} 13... f6 $11 14. Bf4 Nd7) 14. Nxg5 $14 ({Ein No Go ist} 14. hxg5 Nd7 $11) 14... O-O ({Günstiger ist} 14... Na6 $1 $14) 15. Rfd1 g6 16. Ne3 Nxe3 17. fxe3 c5 18. Rf1 {Beabsichtigt Txf7! und Matt.} Nd7 {[#]} 19. Rad1 $1 Rad8 20. Qc2 cxd4 21. exd4 Rc8 22. Qb1 Kg7 23. Rf4 f5 24. exf6+ $1 Rxf6 25. Re1 Rc6 {[#] Weiss muss nun ...Txf4 beachten.} 26. Qe4 Qxe4 27. Rfxe4 {[%cal Rg5e6]} Nf8 $1 28. d5 (28. Kg2 $16) 28... exd5 $11 29. Re7+ Kg8 30. Rxb7 Rb6 31. Ree7 Rxb7 32. Rxb7 $14 {[%mdl 4096] Endspiel KTS-KTS} Ra6 33. a3 d4 34. Kf2 Rb6 $2 {[%mdl 8192]} (34... Rf6+ $16 35. Ke2 Ne6) 35. Rxb6 $18 axb6 {KS-KS} 36. Kf3 Nd7 37. Ke4 Kg7 38. Kxd4 Kf6 39. b4 Kf5 40. a4 Kg4 41. Ne4 Kf3 42. a5 bxa5 43. bxa5 Nb8 44. Kd5 Ke3 45. Nc5 {Weiß setzt Matt.} Kf3 46. Kd6 Kxg3 47. Kc7 Kxh4 48. Kxb8 g5 49. a6 {[%cal Ba5a6,Ba6a7][%mdl 32]} g4 50. a7 g3 51. Nd3 g2 52. Ne1 {Precision: Weiß = 77%, Schwarz = 53%.} 1-0

[Event "RUS-chT Blitz Men 2018"]
[Site "Sochi"]
[Date "2018.10.10"]
[Round "7"]
[White "Yuffa, Daniil"]
[Black "Malakhov, Vladimir"]
[Result "0-1"]
[WhiteElo "2563"]
[BlackElo "2661"]
[Annotator "TA"]
[PlyCount "84"]
[EventDate "2018.10.10"]
[EventType "swiss"]
[EventCountry "RUS"]
[SourceTitle "playchess.com"]
[Source "ChessBase"]
[SourceQuality "1"]

{[%evp 15,84,16,9,0,9,28,23,-52,-64,-52,-60,-70,-60,-65,-68,-78,-37,-227,-226,-227,-210,-202,-198,-214,-120,-141,-144,-178,-75,-45,-77,-130,0,-125,-130,-201,-232,-336,-102,-228,243,-425,-437,-727,-733,-879,-864,-717,-719,-719,-704,-675,-688,-997,-988,-959,-956,-921,-910,-825,-798,-815,-741,-2445,-2414,-2761,-2733,-6203,-6203,-6061,-5643]} 1. d4 d5 2. c4 c6 3. Nf3 Nf6 4. g3 dxc4 5. Bg2 g6 6. Ne5 {D11: Damengambit (Slawische Verteidigung)} Be6 7. Na3 Bd5 8. f3 b5 {LiveBook: 3 Partien} 9. O-O Bg7 10. e4 Be6 11. b3 $146 (11. f4 $11) ({Vorgänger:} 11. f4 O-O 12. Nc2 Qc8 13. Qe2 {1-0 (28) Ivanisevic,I (2662)-Balog,I (2526) Hungary 2015}) 11... cxb3 12. axb3 Nfd7 13. f4 Nxe5 14. fxe5 O-O 15. Bf4 b4 16. Nc4 $2 (16. d5 $1 $15) 16... Bxc4 $1 $19 17. bxc4 c5 $1 18. d5 Nd7 19. e6 fxe6 (19... Bd4+ $1 $19 20. Kh1 Bxa1 21. exf7+ Rxf7 22. Qxa1 a5) 20. e5 $17 Nxe5 21. Qe2 Nd7 (21... Nf7 $1 $19 22. dxe6 Bxa1 23. exf7+ Rxf7) 22. Qxe6+ Kh8 23. Rae1 {Weiss will d6 spielen.} Nb6 ({Besser ist} 23... Bd4+ $17 24. Be3 Bxe3+ 25. Qxe3 Rxf1+ 26. Rxf1 Rb8) 24. Bg5 (24. d6 $11 {bleibt in der Remisbreite.} exd6 25. Bxa8 Qxa8 26. Bg5) 24... Rxf1+ $1 ({Falsch wäre} 24... Nxc4 $2 25. Bxe7 Rxf1+ 26. Bxf1 $18) 25. Rxf1 (25. Bxf1 $17 Nc8 26. Bd3) 25... Qd6 $1 $19 ({Lieber nicht} 25... Nxc4 26. d6 $11) 26. Qxe7 (26. Qe4 $142 Re8 27. Re1) 26... Nxc4 $2 (26... Qxe7 $19 {ist viel giftiger.} 27. Bxe7 Bd4+ 28. Kh1 b3) 27. Rf4 {[#]} (27. Qxd6 $17 Nxd6 28. Be7 Bd4+ 29. Kh1) 27... Bd4+ $4 {[%mdl 8192] [#]} (27... Qxe7 $1 $19 {und Schwarz kann entspannen.} 28. Bxe7 Ne5 29. Bxc5 Nd3) 28. Kh1 $4 {[%mdl 8192]} (28. Rxd4 $1 $18 {[%mdl 512] jetzt Lf6+ und aus.} Qxe7 (28... cxd4 29. Bf6+) 29. Bxe7 cxd4 30. d6) 28... b3 {Schwarz steht klar auf Gewinn.} 29. Qb7 (29. Qe6 $142 b2 30. Be4) 29... Rb8 30. Qf7 b2 31. Be4 b1=Q+ 32. Bxb1 Rxb1+ 33. Kg2 {[#]} Qxd5+ $1 {[%mdl 512]} 34. Kh3 {Beabsichtigt Lf6+ und Matt.} (34. Qxd5 Ne3+) 34... Qxf7 35. Rxf7 a5 36. Bh6 Rb8 37. Ra7 Be3 38. Bg7+ Kg8 39. Bc3 Bd4 40. Be1 Re8 41. Bxa5 Nxa5 42. Rxa5 Rc8 {Precision: Weiß = 23%, Schwarz = 44%.} 0-1

[Event "RUS-chT Blitz Men 2018"]
[Site "Sochi"]
[Date "2018.10.10"]
[Round "7"]
[White "Savchenko, Boris"]
[Black "Shcherbakov, Ruslan"]
[Result "0-1"]
[WhiteElo "2562"]
[BlackElo "2516"]
[Annotator "TA"]
[PlyCount "86"]
[EventDate "2018.10.10"]
[EventType "swiss"]
[EventCountry "RUS"]
[SourceTitle "playchess.com"]
[Source "ChessBase"]
[SourceQuality "1"]

{[%evp 9,86,-30,-26,-25,-33,-38,40,40,37,49,37,74,59,68,100,97,126,106,103,51,49,-58,-62,-62,-75,-75,-66,-66,-60,-68,-66,-72,-76,-77,-83,-70,-70,-54,-35,-39,-25,-529,-68,-78,-66,-56,-47,-48,0,-62,-47,-95,-68,-116,0,0,0,-12,-15,-36,7,0,6,-13,-25,-4446,-4151,-2453,-6287,-2664,-2202,-29984,-29985,-29990,-29991,-29997,-29991,-29991,-29992]} 1. e4 e5 2. f4 d5 3. exd5 exf4 4. Bb5+ (4. Bc4 Nf6 5. Nc3 Bd6 6. Qe2+ Qe7 7. d4 Bf5 8. Nf3 Qxe2+ 9. Kxe2 Bxc2 10. Ne5 O-O 11. Bxf4 Nbd7 12. Rac1 Bg6 13. Rhe1 Nb6 {½-½ (78) Ivanchuk,V (2726)-Le,Q (2737) Huaian 2017}) 4... c6 5. dxc6 Nxc6 6. d4 {C31: Falkbeer Counter Gambit: 3 exd5 c6 and 3...e4 sidelines.} Bd6 7. Nc3 $146 ({Predecessor:} 7. d5 a6 8. Bxc6+ bxc6 9. dxc6 Nh6 10. Nf3 O-O 11. O-O {0-1 (28) Mangold,W (1820)-Wegelin,R (2329) Chessfriend.com 2007}) 7... a6 (7... Nf6 $15) 8. Bxc6+ $1 $14 {White is slightly better.} bxc6 9. Qf3 $1 {[%cal Rf3c6]} Ne7 {[%cal Bg8e7,Be7d5,Bd5b4,Bb4a2][%mdl 32]} 10. Bxf4 O-O 11. Nge2 Rb8 12. O-O-O Be6 13. Rhe1 Nd5 14. Bxd6 (14. Nxd5 $16 cxd5 15. Kb1) 14... Qxd6 15. Ne4 (15. Nxd5 $14 Bxd5 16. Qg3 Qxg3 17. hxg3) 15... Qb4 $15 ({Reject} 15... Qxh2 $6 16. Rh1 $11) 16. b3 Qa3+ 17. Kb1 Nb4 18. Nc1 {[#]} Nxa2 $1 {[%mdl 512]} 19. Nxa2 {Hoping for Nc5.} Bxb3 $1 20. cxb3 Rxb3+ 21. Qxb3 Qxb3+ 22. Ka1 h6 {[%mdl 1024] Black has compensation.} 23. Rd2 $1 Qd5 24. Nac3 Qc4 {[#] ...f5 is the strong threat.} 25. Rb1 $2 {[%mdl 8192]} (25. Kb2 $11 {and White has nothing to worry.}) 25... Re8 $2 ({Black should play} 25... f5 $19 26. Nf6+ Rxf6) 26. g4 Rd8 27. Rbd1 Qb4 28. Rb2 Qc4 29. Rbd2 $1 a5 30. h4 Rb8 31. g5 hxg5 (31... Rb3 $17 32. Rc1 Ra3+ 33. Ra2 Rxa2+ 34. Nxa2 Qxd4+ 35. Nac3 hxg5 36. hxg5 Qe5) 32. hxg5 $11 Rb3 33. Rc1 Ra3+ 34. Kb1 Rb3+ 35. Kc2 a4 {[%cal Ba5a4,Ba4a3][%mdl 32]} 36. Rh2 {Black must now prevent Rch1.} a3 $36 {[%mdl 2048] ( -> ...Rb2+). Black has some pressure.} 37. Kd2 $2 {[%mdl 8192]} (37. Rb1 $11 Rxb1 38. Kxb1) 37... Qxd4+ $19 38. Ke2 Rb2+ 39. Kf3 Rxh2 40. Rb1 Rh3+ {Black mates.} 41. Kf4 Rxc3 42. Kf5 Qd5+ 43. Kf4 Rc4 {Precision: White = 40%, Black = 41%.} 0-1

[Event "RUS-chT Blitz Men 2018"]
[Site "Sochi"]
[Date "2018.10.10"]
[Round "7"]
[White "Sychev, Klementy"]
[Black "Chos, Alexey"]
[Result "1-0"]
[WhiteElo "2534"]
[BlackElo "2296"]
[Annotator "TA"]
[PlyCount "95"]
[EventDate "2018.10.10"]
[EventType "swiss"]
[EventCountry "RUS"]
[SourceTitle "playchess.com"]
[Source "ChessBase"]
[SourceQuality "1"]

{[%evp 9,95,0,40,48,57,39,88,44,121,118,170,170,201,192,209,190,233,218,235,229,232,233,230,198,176,189,238,239,235,231,240,237,204,150,160,3,167,156,168,158,171,167,203,195,677,683,677,667,702,692,701,679,866,848,803,729,743,712,795,637,852,841,874,869,926,920,1195,1183,1333,1314,1300,1287,1292,1475,29984,29985,29988,29988,29991,29991,29992,29986,29995,29993,29993,29994,29994,2087]} 1. e4 d6 2. d4 Nf6 3. Nc3 e5 4. Nf3 {[%cal Bg1f3,Bf3d4,Bd4f5][%mdl 32]} Nbd7 5. Rg1 (5. Bc4 Be7 6. a4 O-O 7. O-O c6 8. Re1 b6 9. h3 a6 10. Ba2 Rb8 11. Be3 b5 12. axb5 axb5 13. b4 Bb7 14. Bb3 exd4 15. Nxd4 d5 16. exd5 Bxb4 17. Bd2 cxd5 18. Ncxb5 Bxd2 19. Qxd2 {½-½ (30) Kryvoruchko,Y (2705)-Laznicka,V (2671) Brest 2018}) 5... exd4 6. Nxd4 {C41: Philidor Defence} Nc5 7. Qe2 Be7 8. g4 {White is better.} h6 $146 (8... d5 $1 $14) ({Predecessor:} 8... d5 9. e5 Nfe4 10. Nxe4 Nxe4 11. c3 O-O 12. Be3 f6 13. exf6 Bxf6 {½-½ (25) Alsina Leal,D (2503)-Cuenca Jimenez,J (2426) San Sebastian 2009}) 9. Nf5 $16 Ne6 (9... Bxf5 $16 10. gxf5 Rg8) 10. Be3 $18 c6 11. O-O-O Qc7 12. Qd2 b5 13. Nxd6+ Bxd6 14. Qxd6 Qxd6 15. Rxd6 b4 16. Na4 Nxe4 17. Rxc6 {[#] Hoping for Bg2.} Bd7 18. Ra6 (18. Rc4 $6 Nf6) 18... O-O 19. Bg2 (19. Bxa7 $6 Bc6 $16) 19... Bb5 {[#]} 20. Ra5 $1 (20. Bxe4 $6 Bxa6 21. Bxa8 Rxa8 $16) (20. Rxa7 Rxa7 21. Bxa7 Nf4 $11) 20... Bc6 21. Rd1 ({And not} 21. Rxa7 Rxa7 22. Bxa7 Ra8 $14) 21... Rfc8 22. Re5 $2 ({Don't play} 22. Rxa7 $6 Rxa7 23. Bxa7 Ra8 $16) ({White should play} 22. Bh1 $16) 22... Nf6 $2 (22... Nxf2 $1 $11 23. Bxc6 Nxd1 24. Bxa8 Nxe3 25. Rxe3 Rxa8) 23. Bxc6 Rxc6 24. h3 Rac8 25. Rd2 ({Don't blunder} 25. Bxa7 $2 Ra6 $19) 25... Ra6 26. b3 Nd7 $2 (26... Ng5 27. Bxg5 hxg5) 27. Rxd7 Rac6 28. Rd2 a6 29. Nb2 Nc7 30. Rc5 Nb5 31. Rxc6 Rxc6 32. Nc4 Nc3 33. Kb2 h5 34. Rd6 Rc7 35. Rxa6 hxg4 36. hxg4 Rd7 37. Rd6 Re7 38. a3 {[%cal Ba2a3,Ba3b4][%mdl 32]} Nb5 39. Rd8+ Kh7 40. axb4 f5 41. gxf5 {[%cal Bg4f5,Bf5f6,Bf6f7,Bf7f8,Bf8e6][%mdl 32]} g6 42. f6 {White mates.} Rf7 43. Bg5 Na3 44. Nxa3 Ra7 45. f7 Rc7 46. f8=N+ Kg8 47. Ne6+ Kh7 48. Nxc7 {Precision: White = 73%, Black = 25%.} 1-0

[Event "RUS-chT Blitz Men 2018"]
[Site "Sochi"]
[Date "2018.10.10"]
[Round "7"]
[White "Hasangatin, Ramil"]
[Black "Romanov, Evgeny"]
[Result "0-1"]
[WhiteElo "2496"]
[BlackElo "2614"]
[Annotator "TA"]
[PlyCount "86"]
[EventDate "2018.10.10"]
[EventType "swiss"]
[EventCountry "RUS"]
[SourceTitle "playchess.com"]
[Source "ChessBase"]
[SourceQuality "1"]

{[%evp 13,86,12,13,15,12,10,9,7,14,5,5,6,9,8,29,9,21,-14,0,-36,1,-6,0,-6,-7,-19,0,-40,71,-64,12,-35,28,25,79,0,0,0,0,0,0,0,0,-12,248,-107,-106,-324,-329,-395,-332,-618,-551,-1681,-1624,-2544,-2541,-29987,-29988,-29988,-29989,-29989,-29990,-29991,-29992,-29992,-29993,-29993,-29991,-29991,-29992,-29992,-29989,-29992,-29989]} 1. Nf3 Nf6 2. g3 b6 3. Bg2 Bb7 4. O-O g6 5. b3 Bg7 6. Bb2 O-O 7. c4 e6 8. Nc3 {A15: English Opening: 1...Nf6} d5 9. cxd5 exd5 10. d4 {The position is equal.} Nbd7 11. e3 Re8 12. Re1 $146 ({Predecessor:} 12. Rc1 Ne4 13. Qc2 Nxc3 14. Bxc3 a5 15. Rfd1 Nf6 {1-0 (73) Eljanov,P (2717)-Grandelius,N (2647) Berlin 2015}) 12... Ne4 13. Rc1 a6 14. Qc2 Rc8 15. Nd2 {[%cal Rd2e4]} f5 16. Nf3 g5 17. Ne2 Bf6 18. Red1 Qe7 19. Qd3 h5 20. Qc2 h4 (20... a5 $15) 21. Qd3 ({Better is} 21. gxh4 $16 g4 22. Ng5) 21... Kg7 (21... h3 $15 22. Bf1 Qh7) 22. Rc2 Rh8 ({Black should play} 22... h3 $15 23. Bf1 c5) 23. Rdc1 $11 c6 (23... c5 $11) 24. Qd1 ({White should try} 24. gxh4 $16 {And now Ng3 would win.} g4 25. Ne5) 24... Rh6 25. Ne5 {[%cal Re5c6]} hxg3 26. hxg3 {[%cal Re5c6]} Nxe5 27. dxe5 Bxe5 28. Nd4 Qf6 $2 {[%mdl 8192] [#]} (28... Qd7 $11) 29. Qf3 $2 (29. f4 $1 $18 {[%cal Rf4e5]} gxf4 30. exf4) 29... Nd6 $17 30. Ba3 $2 (30. g4 $17) 30... c5 $19 31. Qd1 g4 32. Ne2 $2 (32. Bb2) 32... Rch8 {White must now prevent ...d4.} 33. Nf4 d4 {( -> ...Rh1+!)} 34. f3 gxf3 35. Bxf3 {[#]} Rh1+ $1 {[%mdl 512] Black mates.} 36. Bxh1 Rxh1+ 37. Kf2 Ne4+ 38. Ke2 Nxg3+ 39. Kd3 Be4+ 40. Kd2 Rxd1+ 41. Rxd1 dxe3+ 42. Kxe3 Bxc2 43. Rg1 Bd4+ {Precision: White = 22%, Black = 37%.} 0-1

[Event "RUS-chT Blitz Men 2018"]
[Site "Sochi"]
[Date "2018.10.10"]
[Round "7"]
[White "Kozionov, Kirill"]
[Black "Alexeev, Alexey"]
[Result "1-0"]
[WhiteElo "2458"]
[BlackElo "2287"]
[Annotator "TA"]
[PlyCount "53"]
[EventDate "2018.10.10"]
[EventType "swiss"]
[EventCountry "RUS"]
[SourceTitle "playchess.com"]
[Source "ChessBase"]
[SourceQuality "1"]

{[%evp 18,53,15,18,34,25,137,85,401,409,404,402,402,381,492,393,412,407,398,401,466,467,460,425,776,787,961,943,947,926,779,593,605,587,1068,1053,1007,1005]} 1. d4 {Krasenkow,M} Nf6 2. c4 g6 3. Nc3 d5 4. cxd5 Nxd5 5. Bd2 Bg7 6. e4 Nb6 7. Be3 O-O 8. Bb5 {D85: Exchange Grünfeld: Unusual White 7th moves and lines with 7 Nf3} a6 9. Be2 Nc6 10. d5 {LiveBook: 10 Games. The position is equal.} Nb8 $146 ({Predecessor:} 10... Ne5 11. Bd4 c5 12. Bxc5 Nec4 13. Qb3 Qc7 14. Bxb6 Nxb6 15. Nf3 Nd7 {½-½ (70) Aleksandrov,A (2659)-Van Wely,L (2681) Mallorca 2004 CBM 104 [Krasenkow,M]}) 11. Nf3 c6 (11... e6 $11) 12. dxc6 (12. Qb3 $142 N6d7 13. Rd1) 12... Qc7 $2 {[%mdl 8192] [#]} (12... Bxc3+ $16 13. bxc3 Qxd1+ 14. Bxd1 Nc4) 13. Qb3 $18 Bxc3+ 14. bxc3 ({Less strong is} 14. Qxc3 Nxc6 15. Bh6 e5 $18) 14... Qxc6 15. Bxb6 Be6 16. Qb2 Nd7 17. Bd4 Qxe4 18. O-O f6 19. Rfe1 {White is clearly winning.} Qc6 20. Bf1 Bg4 (20... Rfe8 $142 21. Qb4 Rac8) 21. Rxe7 Bxf3 22. gxf3 Rae8 23. Qb3+ Kh8 24. Rxe8 Rxe8 25. Qf7 Rf8 26. Qe7 {[#] Hoping for Bh3.} Kg8 27. Bh3 1-0

[Event "RUS-chT Blitz Men 2018"]
[Site "Sochi"]
[Date "2018.10.10"]
[Round "7"]
[White "Gutenev, Alexander"]
[Black "Indjic, Aleksandar"]
[Result "0-1"]
[WhiteElo "2456"]
[BlackElo "2604"]
[Annotator "TA"]
[PlyCount "112"]
[EventDate "2018.10.10"]
[EventType "swiss"]
[EventCountry "RUS"]
[SourceTitle "playchess.com"]
[Source "ChessBase"]
[SourceQuality "1"]

{[%evp 14,112,8,3,0,-10,0,-9,0,0,-3,-16,0,-14,-1,-8,0,-40,-56,-55,-46,-34,0,-74,-84,-57,-55,-54,-59,-54,-57,-55,-66,-185,-100,-97,-80,-91,-56,-63,-63,-87,-92,-256,-259,-466,-458,-470,-464,-430,-131,-137,-141,-201,-200,-245,-251,-289,-295,-486,-469,-541,-532,-578,-582,-1611,-1589,-1733,-1512,-12850,-8448,-29982,-1347,-5994,-5781,-5497,-626,-5497,-5385,-2344,-2315,-2258,-2196,-29973,-29974,-29973,-29975,-29975,-29976,-29974,-29972,-29979,-29980,-29980,-29981,-29981,-29982,-29984,-29985,-29984,-29985]} 1. e4 c5 2. Nf3 d6 3. d4 cxd4 4. Nxd4 Nf6 5. Nc3 a6 6. h3 e5 7. Nb3 Be6 {B90: Sicilian Najdorf: Unusual White 6th moves, 6 Be3 Ng4 and 6 Be3 e5} 8. g4 {LiveBook: 5 Games} (8. f4 exf4 9. Bxf4 Nc6 10. Qe2 Be7 11. O-O-O Qc7 12. g4 O-O 13. g5 Nd7 14. Nd5 Bxd5 15. exd5 {1-0 (36) Safarli,E (2667)-Papaioannou,I (2647) Rio Achaea 2018}) 8... h6 9. Bg2 Nbd7 {The position is equal.} 10. Be3 Rc8 11. O-O Be7 12. a4 $146 ({Predecessor:} 12. Qd2 Qc7 13. Rac1 b5 14. Nd5 Bxd5 15. exd5 {0-1 (43) Ishkinin,R (1815)-Khusnutdinova,A (2025) Samara 2014}) 12... O-O 13. a5 Nh7 {[%cal Bf6h7,Bh7g5,Bg5e6,Be6f4][%mdl 32]} 14. Qd2 Rc6 15. Rfc1 Bg5 16. Nd5 Bxe3 17. Nxe3 Ng5 18. Nf5 (18. c4 $11) 18... Nf6 $17 19. Qd3 Bc4 20. Qe3 Ne6 21. Nd2 {Hoping for b3.} Nf4 22. Nxc4 Rxc4 23. b3 {[#]} (23. Rd1 $15) 23... Rc6 $36 {[%mdl 2048] Black is really pushing.} (23... Rc3 $1 $19 {[%cal Rc3e3][%mdl 512]} 24. Qd2 (24. Qxc3 Ne2+) 24... Qc7) 24. c4 g6 25. Ng3 Nd7 26. Rd1 Nc5 27. Kh2 Nce6 28. Bf3 $2 (28. Rd2 $17 {was necessary.}) 28... Qh4 $19 29. Bg2 $2 (29. Rh1) 29... Nxg2 30. Kxg2 Nf4+ 31. Kf3 Nxh3 $2 ({Less strong is} 31... Qxh3 32. Rg1 $19) (31... b5 $19 {has better winning chances.} 32. axb6 Qxh3) 32. Rh1 $17 {And now Rxh3! would win.} Qf6+ 33. Kg2 (33. Ke2 $17 Nf4+ 34. Kd2) 33... Nf4+ $19 34. Kg1 Qg5 35. Qf3 b6 36. axb6 $2 (36. Nf1 {was called for.}) 36... Rxb6 37. Rb1 Rfb8 38. Qd1 a5 {[%cal Ba6a5,Ba5a4][%mdl 32]} 39. Kh2 a4 40. b4 Rxb4 41. Rxb4 Rxb4 42. Qf3 Rb2 (42... Qh4+ $142 43. Kg1 Rb1+ 44. Nf1 Qg5 45. Rh3 a3 46. Kh2 Rxf1 47. Qg3 a2 48. c5 a1=Q 49. Qf3 Nxh3 50. Kg3 Rxf2 51. Qxf2 Nxf2 52. Kxf2 Qxg4 53. cxd6 Qag1#) 43. Rd1 Rxf2+ 44. Qxf2 Qh4+ 45. Kg1 Nh3+ 46. Kg2 Nxf2 47. Kxf2 Qxg4 48. Rxd6 {[%mdl 4096] Endgame KQ-KRN} a3 {Black mates.} 49. Ra6 Qf4+ 50. Kg2 Qd2+ 51. Kf3 a2 52. Ne2 Qd3+ 53. Kf2 Qxc4 54. Ra8+ Kg7 55. Ke3 Qb3+ 56. Kd2 Qb2+ {Precision: White = 36%, Black = 76%.} 0-1

[Event "RUS-chT Blitz Men 2018"]
[Site "Sochi"]
[Date "2018.10.10"]
[Round "7"]
[White "Usmanov, Vasily"]
[Black "Timofeev, Artyom"]
[Result "0-1"]
[WhiteElo "2453"]
[BlackElo "2580"]
[Annotator "TA"]
[PlyCount "126"]
[EventDate "2018.10.10"]
[EventType "swiss"]
[EventCountry "RUS"]
[SourceTitle "playchess.com"]
[Source "ChessBase"]
[SourceQuality "1"]

{[%evp 9,126,-4,-5,-14,6,-12,4,-14,-8,-6,7,-9,-2,-25,5,0,0,0,7,-38,-32,-45,-47,-63,-50,-47,-12,-17,-9,-14,-9,-41,0,0,0,0,0,-6,-6,-7,0,0,0,-1,-1,-1,0,-37,-20,-49,-51,-150,-149,-150,-129,-173,-142,-153,-128,-128,-107,-100,-114,-126,-114,-237,-242,-364,-360,-422,-414,-401,-397,-490,-181,-668,-669,-642,-638,-865,-860,-2395,-2156,-2031,-1162,-11015,-1023,-29974,-29974,-29973,-29968,-29970,-29971,-29971,-29972,-29975,-29976,-29981,-29982,-29975,-5937,-29984,-29985,-29986,-29987,-29987,-29984,-29984,-29985,-29985,-29986,-29986,-29987,-29987,-29987,-29991,-29988,-29988,-29989]} 1. Nf3 c5 2. c3 d5 3. d4 e6 4. Bf4 Bd6 (4... Nc6 5. e3 Nf6 6. Nbd2 Nh5 7. Bg5 Qc7 8. Ne5 g6 9. Nxc6 bxc6 10. Be2 Rb8 11. Rb1 h6 12. Bh4 g5 13. Bxh5 gxh4 14. O-O Bd6 {1-0 (53) Harikrishna,P (2732)-Navara,D (2727) Prague 2018}) 5. Bg3 Nf6 6. e3 {D02: 1 d4 d5 2 Nf3 sidelines, including 2...Nf6 3 g3 and 2...Nf6 3 Bf4} Ne4 7. Bh4 Qb6 $146 ({Predecessor:} 7... g5 8. Bg3 c4 9. Be5 f6 10. Bxd6 Nxd6 11. Be2 Nc6 12. O-O Bd7 13. Nfd2 O-O {½-½ (43) Maisonneuve,P-Wenger,J IECC email 1997}) 8. Qb3 {The position is equal.} c4 9. Qc2 Qc7 10. Nbd2 $132 {[%mdl 2048] White has counterplay} f5 11. Be2 Nd7 12. Ng5 Nxg5 13. Bxg5 O-O 14. f4 b5 15. a3 a5 16. O-O Nf6 17. Bxf6 Rxf6 18. Nf3 Bd7 19. Ne5 Be8 20. g4 Bg6 21. g5 Rff8 22. Nxg6 hxg6 23. h4 Kf7 {[%cal Bg8f7,Bf7e7,Be7d7][%mdl 32]} 24. Kg2 b4 25. axb4 axb4 26. h5 gxh5 27. Bxh5+ Ke7 28. Qf2 Rh8 {And now ...Rxa1 would win.} 29. Rxa8 Rxa8 30. Qh4 (30. Qe1 $15) 30... Rh8 {aiming for ...g6!} 31. g6+ Kd7 32. Rh1 bxc3 33. bxc3 Qa5 34. Qe1 Be7 35. Qb1 Kc7 ({But not} 35... Qxc3 $2 36. Bd1 $18) 36. Qc2 Rb8 37. Be2 (37. Rb1 $17 {might work better.}) 37... Rb3 $19 38. Rc1 (38. Qd2 $142) 38... Ba3 39. Rb1 Qxc3 40. Qxc3 Rxc3 {[%mdl 4096] Endgame KRB-KRB} 41. Rh1 Be7 $2 (41... Rxe3 42. Kf2 Re4) 42. Rh8 $2 (42. Kf2) 42... Rxe3 43. Kf2 Re4 44. Rg8 Bf6 45. Rf8 Bxd4+ 46. Ke1 Rxf4 47. Kd2 Kd6 48. Rf7 Rf2 49. Ke1 Rg2 50. Bd1 Rxg6 51. Ba4 Rg1+ 52. Ke2 g5 53. Kf3 g4+ 54. Ke2 g3 (54... Ra1 $142 55. Bc2 Ra2 56. Kd1 g3 57. Rf8 g2 58. Rd8+ Ke7 59. Rg8 g1=Q+ 60. Rxg1 Bxg1 61. Kc1 {[#]} Rxc2+ $1 {[%mdl 512]} 62. Kxc2 f4 63. Kc3 f3 64. Kd2 d4 65. Kd1 d3 66. Kd2 Bd4 67. Kd1 f2 68. Kd2 Kf8 69. Kd1 f1=Q+ 70. Kd2 c3#) 55. Kf3 e5 {[%cal Be6e5,Be5e4][%mdl 32] Black mates.} 56. Rf6+ Ke7 57. Rg6 g2 58. Rxg2 e4+ 59. Kg3 {[#]} f4+ $1 60. Kh2 (60. Kxf4 Rxg2) 60... Rxg2+ 61. Kxg2 Kf6 62. Kh3 Ke5 63. Kg4 Be3 {Precision: White = 27%, Black = 48%.} 0-1